MDQL
is popping MORE tags! Check the
thread
!
Quizzes
Events
Quiz Creation
Community
Videos
Private Events
Remove Ads
Sign In
Join for FREE
Feedback
Dark Mode
Quiz Categories
Sports
Geography
Music
Movies
Television
Just For Fun
Miscellaneous
History
Literature
Language
Science
Gaming
Entertainment
Religion
Holiday
For Kids
Quiz Lab
Recent
Popular Today
Quiz Kudos Today
Editor Picks
Curator Picks
Quizzes by...
Day
Popularity
Type
Ratings
Length
Year
Community
Subscriptions
Recent Discussions
Orange Saloon
Badges
Playlists
Quests
Create
Leaderboards
Showdown
Live 5
Trivia Bingo
Activity
Puzzle Library
Sporcle Events
Private Events
Virtual Trivia
Globe League
Become a Host
Pub Owners
SporcleCon
Opinionation
Our Games
Videos
Blog
Mobile Apps
Partnerships
Remove Ads and Go Orange
Feedback
Sports
Athletes
MLB
NBA
NHL
NFL
Soccer
Sports Teams
WWE
NCAA
Football
Premier League
Basketball
Baseball
Hockey
Golf
Tennis
Cricket
Rugby
Auto Racing
Olympics
World Cup
Sports
Athletes
MLB
NBA
NHL
NFL
Soccer
Sports Teams
WWE
NCAA
Football
Premier League
Basketball
Baseball
Hockey
Golf
Tennis
Cricket
Rugby
Auto Racing
Olympics
World Cup
Random Quiz
Search Sporcle
×
Quiz Lab
Quiz Lab
Sports
Athletes
Type in answers that appear in a list
Type in answers that appear in a list
Classic
Best Score? Go Orange.
25 Swedish famous athletes Stats
Can you name the 25 Swedish famous athletes?
By
carles_puyol
10m
25 Questions
160 Plays
160 Plays
160 Plays
Comments
Comments
Give Quiz Kudos
Give Quiz Kudos
-
- Ratings
hide this ad
Forced Order
Answers have to be entered in order
Answers have to be entered in order
Random Order
Randomize order of answers
Randomize order of answers
Replay
Link that replays current quiz
Next Quiz
Link to next quiz in quiz playlist
You Got
0%
They Got
Avg Score
51%
Avg Friend Score
Upgrade to see
Score Distribution
Jump to the score distribution portion of the page
Score
0/25
Timer
10:00
0
Plays Today
Description
Athlete
% Correct
A tennis player. Between 1974 and 1981 he won 11 Grand Slam singles titles. He won five consecutive Wimbledon singles titles and six French Open titles.
Björn Borg
88.1%
An ice hockey player, centre. His 19-
year professional career includes 13 years in NHL where he won two Stanley Cups with the Colorado Avalanche. Two-
times Olympic gold medalist.
Peter Forsberg
71.9%
A retired footballer who played as goalkeeper. He is ranked as the Swedish national team's all-
time leader in caps, at 143. Bronze medalist at World Cup 1994.
Thomas Ravelli
70%
An athlete competing in triple jump, long jump and formerly in heptathlon and pentathlon. She won Olympic heptathlon title in 2004. She is a three-
time World heptathlon champion.
Carolina Klüft
66.9%
A former World No. 1 professional tennis player. He won six Grand Slam singles titles. Double bronze medalist at the 1988 Olympics.
Stefan Edberg
66.3%
An ice hockey defenceman who played his entire 20-
season NHL career with the Detroit Red Wings. He won gold medal at the 2006 Olympics.
Nicklas Lidström
59.4%
An alpine skier, active during the 1970s and 1980s. At 1980 Olympics in Lake Placid he won two gold medals, in Slalom and Giant Slalom. He is also 3-
time world champion.
Ingemar Stenmark
59.4%
An athlete competing in high jump and triple jump. He won an Olympic gold medal (2004), three gold and one silver medal in the World Championships -
all of them in triple jump.
Christian Olsson
58.8%
A cross-
country skier who has been competing since 2004. She won the gold medal in the women's 10 km individual at the 2010 Winter Olympics.
Charlotte Kalla
58.8%
A high jumper. He has won an Olympic gold medal in Athens 2004, a silver in the World Championships.
Stefan Holm
57.5%
A high jumper. She won one bronze medal in the Olympic Games, one gold and two bronze medals in the World Championships. Indoor world record holder.
Kajsa Bergqvist
53.1%
A female alpine ski racer. She is an Olympic gold medalist, seven-
time gold medalist at the World Championships, and two-
time overall Alpine Skiing World Cup champion.
Anja Pärson
53.1%
A high jumper and previous world record holder with height 2.42m. He has 3 olympic medals: two silver and bronze.
Patrik Sjöberg
52.5%
Description
Athlete
% Correct
A table tennis player. He is known as 'the Mozart of table tennis'. He is considered to be the greatest player of all time. Gold medalist at 1992 Olympics.
Jan-Ove Waldner
51.3%
A former professional tennis player. He is a former Australian Open singles champion and Olympic silver medalist in doubles at 2008 Beijing.
Thomas Johansson
51.3%
A former alpine ski racer. Having won two Olympic gold medals, four World Championships and one World Cup overall title, she is one of the most successful alpine ski racers in 90s.
Pernilla Wiberg
50%
A footballer, best known for his play in AC Milan 1949-
1956, where he won two Scudetto's and an five top scorer awards. Gold medalist at 1948 Olympics.
Gunnar Nordahl
48.1%
A cross-
country skier and biathlete. She was the dominating female biathlete from 1997 to 2002, when she retired, winning the Biathlon World Cup for six years straight.
Magdalena Forsberg
46.9%
A racing driver. Known by nickname 'SuperSwede'. He was a two-
time runner-
up in the FIA Formula One World Drivers' Championship. Died in a crash in 1978 during Monza Grand Prix.
Ronnie Peterson
40.6%
A speedway rider. He is widely acknowledged as being the most successful speedway rider of the current era, having won six Speedway World Championship titles in 15 attempts.
Tony Rickardsson
40.6%
One of the most successful Swedish ski jumpers of all time. He won the World Cup in 1988/
89. He is however most known for inventing the V-
style.
Jan Boklöv
40.6%
A male biathlete. His major succes is winning gold medal at the 2010 Olympics in Pursuit 12.5km.
Björn Ferry
39.4%
A Soviet-
born hurdler. From 1996 she was starting for Sweden. Olympic gold medalist (1996) and world champion (1997).
Ludmila Engquist
28.8%
A rally driver. Driving an Audi Quattro for the Audi factory team, he won the World Rally Championship drivers' title in 1984 and finished runner-
up in 1985.
Stig Blomqvist
19.4%
A handballer who plays for Atlético Madrid. He is playing as left back. His major success is winning silver medal at the 2012 Olympics in London.
Jonas Källman
15%
Quiz Playlist
Details
Report
Send in Message
Add To Playlist
Classic:
Type in answers that appear in a list
Forced Order:
Answers have to be entered in order
Random Order:
Randomize order of answers
Last Updated: Feb 16, 2017
Quiz Scoreboard
CHALLENGE
Sign Up to Join the Scoreboard
Show All
Scores
Hide
Comments
May contain spoilers
Recently Published
Image Sorting: Flags VI
by Barbecue
Geography
2m
Find the 'City' Movie
by crazypaving
Movies
60s
Colored Red Africa Blitz
by spor1
Geography
45s
More to Explore
Quiz From the Vault
Featured Blog Post
14 Easter Pick-up Lines to Find Eggs With
hide this ad
You Might Also Like...
Tags
Athletes Quiz
Sweden
Swedish
Today's Top Quizzes in Sports
Browse Sports
hide this ad
Today's Top Quizzes in Athletes
Browse Athletes
Top Contributed Quizzes in Sports
1
Les meilleurs buteurs des matchs entre le PSG et l’OM
2
Les entraîneurs de l'OM et du PSG au 21e siècle
3
Les joueurs passés par le PSG et l'OM
4
2022 World Cup Stars
5
Players with Multiple 50 Home Run Seasons
6
Criteria MLB: Left Handed Sluggers
7
MLB Players with Two .350 Batting Average Seasons
8
Les joueurs passés par le LOSC et le RC Lens
9
NBA Logic Puzzle 2.0
10
Top 10 NHL Goal Scorers of All Time
Explore More
Trending Topics
NBA
Disney
Anime
Marvel
Kpop
Harry Potter
Crossword
Pokémon
Country
NFL
The Office
WWE
Soccer
Puzzle
Song
hide this ad
More By:
carles_puyol
Quiz
Plays
Rating
Category
Featured
Created
Juventus XIs: since 1996/97 season
16,952
4.54
Sports
May 13, 2012
FC Barcelona XIs: since 1996/97 season
15,158
4.40
Sports
May 6, 2012
Real Madrid XIs: since 1996/97 season
13,597
4.65
Sports
May 6, 2012
AC Milan XIs: since 1996/97 season
12,721
4.29
Sports
May 8, 2012
Inter Milan XIs: since 1996/97 season
11,884
4.61
Sports
May 10, 2012
Go to Creator's Profile
Score Distribution
Quiz Creator Spotlight
carles_puyol
Follow
Send a Message
Quizzes Created
-
Created Quiz Play Count
-
More By This Creator
Popular Quizzes Today
1
Colored Red Africa Blitz
2
Find the US States - No Outlines Minefield
3
Find the 'City' Movie
4
5x2 Blitz: Bands
5
The Countries of the World
6
Find the US States
7
Find the Countries of Europe - No Outlines Minefield
8
US States
More Sports Quizzes
NBA Have We Changed?
Curator's Pick
Trending Quizzes
Colored Red Europe Blitz I
Colored Red Europe Blitz II
Colored Red Africa Blitz II
Colored Red Europe Blitz III
Colored Red Africa Blitz III
Recently Updated
How Do You Spell That?
pecheneg
Godzilla Movies
pecheneg
Grab Bag: 4-10 Letters
pecheneg
2024 March Madness Bracket
pecheneg
Famous TV Couples
Peacemaker
Champions League XIs: Real Madrid
pecheneg
Largest US Cities 1790-2010
pecheneg
Rides in Walt Disney World
pecheneg
Most Oscar Losses (Acting)
pecheneg
Beyoncé Albums
pecheneg
Trending Topics
Kpop
NBA
Marvel
Disney
Anime
Harry Potter
Crossword
Song
Pokémon
NFL
Puzzle
WWE
Soccer
Country
The Office
Your Account Isn't Verified!
In order to create a playlist on Sporcle, you need to verify the email address you used during registration. Go to your
Sporcle Settings
to finish the process.
Report this User
Report this user for behavior that violates our
Community Guidelines
.
Details:
Send Report
Go to the Sporcle.com Mobile Site →
Comments